[Event "Olimpiade 2022 - Open"]
[Site "Chennai"]
[Date "03.08.2022"]
[Round "6.27"]
[Board "1"]
[White "Gretarsson, Hjorvar Steinn"]
[Black "Mwali, Chitumbo"]
[Result "1-0"]
[WhiteTitle "GM"]
[BlackTitle "IM"]
[WhiteElo "2563"]
[BlackElo "2320"]
[WhiteTeam "Iceland"]
[BlackTeam "Zambia"]
[WhiteFideId "2302241"]
[BlackFideId "8700265"]
[EventDate "2022.07.29"]

1. Nf3 Nf6 2. c4 e6 3. Nc3 c5 4. g3 b6 5. Bg2 Bb7 6. O-O Be7 7. Re1 a6 8. e4 d6
9. d4 cxd4 10. Nxd4 Qc7 11. Be3 O-O 12. Rc1 Nbd7 13. f4 Rfe8 14. g4 g6 15. g5
Nh5 16. f5 Bf8 17. Bf3 Ne5 18. Bxh5 gxh5 19. Qxh5 Nd3 20. Rf1 exf5 21. Rc2 fxe4
22. Nd5 Bxd5 23. cxd5 Qd7 24. Nf5 Ne5 25. Bd4 Rac8 26. Rxc8 Qxc8 27. Bxe5 Rxe5
28. Ne3 Bg7 29. Qxf7+ Kh8 30. Nf5 Qg8 31. Nxd6 Rxg5+ 32. Kh1 Rxd5 33. Qd7 1-0

[Event "Olimpiade 2022 - Open"]
[Site "Chennai"]
[Date "03.08.2022"]
[Round "6.27"]
[Board "2"]
[White "Phiri, Richmond"]
[Black "Stefansson, Hannes"]
[Result "1/2-1/2"]
[WhiteTitle "IM"]
[BlackTitle "GM"]
[WhiteElo "2293"]
[BlackElo "2541"]
[WhiteTeam "Zambia"]
[BlackTeam "Iceland"]
[WhiteFideId "8700443"]
[BlackFideId "2300087"]
[EventDate "2022.07.29"]

1. d4 Nf6 2. Nf3 e6 3. g3 b5 4. Bg2 d5 5. O-O Be7 6. a4 b4 7. c4 bxc3 8. Nxc3
O-O 9. Bf4 c6 10. a5 Ba6 11. Ne5 Bb4 12. Na4 Nfd7 13. Bd2 Bxd2 14. Nxd7 Nxd7 15.
Qxd2 Rb8 16. Rfc1 Bc4 17. b4 Qe7 18. Rab1 Rb7 19. Rxc4 dxc4 20. Bxc6 Rc7 21. Bf3
Rb8 22. Qc3 e5 23. e3 Qf6 24. Kg2 exd4 25. exd4 Nf8 26. b5 Ne6 27. b6 axb6 28.
Rxb6 Rd8 29. d5 Qxc3 30. Nxc3 Nd4 31. a6 Ra7 32. Na4 g6 33. d6 Nf5 34. Bb7 Nxd6
35. Kf3 c3 36. Nxc3 Nxb7 37. Nb5 Rxa6 38. Ke4 1/2-1/2

[Event "Olimpiade 2022 - Open"]
[Site "Chennai"]
[Date "03.08.2022"]
[Round "6.27"]
[Board "3"]
[White "Kjartansson, Gudmundur"]
[Black "Lungu, Nase"]
[Result "1-0"]
[WhiteTitle "GM"]
[BlackTitle "FM"]
[WhiteElo "2448"]
[BlackElo "2216"]
[WhiteTeam "Iceland"]
[BlackTeam "Zambia"]
[WhiteFideId "2301318"]
[BlackFideId "8700052"]
[EventDate "2022.07.29"]

1. Nf3 c5 2. c4 Nc6 3. Nc3 g6 4. e3 d6 5. d4 Bg4 6. d5 Ne5 7. Be2 Nxf3+ 8. gxf3
Bh3 9. f4 Nf6 10. Qd3 Bg7 11. e4 Bg4 12. f3 Bd7 13. Be3 a6 14. Qd2 Qc7 15. a3
O-O 16. b4 b6 17. Rg1 e6 18. dxe6 fxe6 19. Rd1 Ne8 20. e5 Rd8 21. exd6 Nxd6 22.
Qxd6 Bxc3+ 23. Kf2 Qxd6 24. Rxd6 cxb4 25. Bxb6 Rb8 26. Bc7 Rb7 27. Rxd7 Rc8 28.
axb4 Rbxc7 29. Rxc7 Rxc7 30. Rb1 Rb7 31. b5 axb5 32. cxb5 Bd4+ 33. Kg3 Kg7 34.
Bc4 Kf6 35. Re1 Rb6 36. Re4 Rd6 37. Bxe6 Ba7 38. Bc4 Rd2 39. b6 Bb8 40. Re8 Bd6
41. b7 1-0

[Event "Olimpiade 2022 - Open"]
[Site "Chennai"]
[Date "03.08.2022"]
[Round "6.27"]
[Board "4"]
[White "Kabwe Timothy"]
[Black "Gretarsson, Helgi Ass"]
[Result "0-1"]
[BlackTitle "GM"]
[WhiteElo "2248"]
[BlackElo "2472"]
[WhiteTeam "Zambia"]
[BlackTeam "Iceland"]
[WhiteFideId "8707200"]
[BlackFideId "2300699"]
[EventDate "2022.07.29"]

1. d4 g6 2. Nc3 Bg7 3. e4 d6 4. f4 Nf6 5. e5 Nfd7 6. Nf3 Nb6 7. a4 a5 8. Be3 Na6
9. Be2 Nb4 10. O-O O-O 11. Rc1 Be6 12. b3 f6 13. exf6 exf6 14. Kh1 Re8 15. Qd2
Bh6 16. g3 d5 17. Rfe1 Nc8 18. Bf1 Nd6 19. Bg2 Qd7 20. Ng1 c6 21. h3 Bf5 22. g4
Be4 23. Nxe4 Nxe4 24. Bxe4 dxe4 25. Ne2 f5 26. gxf5 Qxf5 27. Kg2 Nd5 28. Rf1 Qf8
29. c4 Ne7 30. Ng3 Nf5 31. Nxf5 Qxf5 32. Qe2 Rad8 33. Qg4 Bg7 34. Rcd1 Bf8 35.
Kf2 Kf7 36. Ke2 Rd7 37. Rg1 Be7 38. Qxf5+ gxf5 39. Rd2 Red8 40. Rgd1 Bb4 41. Rc2
Bc5 42. Rcd2 Bb4 43. Rc2 Rd6 44. Rg1 Rh6 45. Rg3 Rg8 46. Rxg8 Kxg8 47. Rc1 Rxh3
48. Rg1+ Kf7 49. Rg5 Rh2+ 50. Kf1 Kf6 51. d5 cxd5 52. cxd5 Bc3 53. d6 Ke6 54. d7
Bf6 55. Rg7 Bd8 56. Ke1 h5 57. Rh7 h4 58. Kf1 Rb2 59. Bf2 Rxb3 0-1

[Event "Olimpiade 2022 - Open"]
[Site "Chennai"]
[Date "03.08.2022"]
[Round "6.28"]
[Board "1"]
[White "Batsuren, Dambasuren"]
[Black "Msellek, Ilyass"]
[Result "1-0"]
[WhiteTitle "GM"]
[BlackTitle "IM"]
[WhiteElo "2518"]
[BlackElo "2398"]
[WhiteTeam "Mongolia"]
[BlackTeam "Morocco"]
[WhiteFideId "4902920"]
[BlackFideId "675938"]
[EventDate "2022.07.29"]

1. d4 Nf6 2. c4 e6 3. g3 d5 4. Bg2 Be7 5. Nf3 O-O 6. Nc3 c6 7. O-O a5 8. b3 b6
9. Ne5 Ba6 10. e4 dxc4 11. Nxc4 b5 12. Ne3 b4 13. Ne2 Nbd7 14. Qc2 c5 15. d5
exd5 16. exd5 Bd6 17. Bb2 Be5 18. Rfd1 Re8 19. Bxe5 Nxe5 20. d6 Rc8 21. Nf5 Ng6
22. Nf4 Nxf4 23. gxf4 Qd7 24. Ne7+ Rxe7 25. dxe7 Qxe7 26. Qf5 h5 27. Rac1 a4 28.
bxa4 c4 29. Qe5 Qa7 30. Qd4 Qc7 31. Qd6 Qa5 32. Rb1 c3 33. Qxb4 Qf5 34. Rbc1 c2
35. Rd2 Bd3 36. Qd6 Be4 37. Qe5 Qg4 38. Qg5 Qe6 39. Re2 Qc4 40. Qb5 Bd3 41. Rd2
Bg6 42. f5 Qf4 43. Rdxc2 Rxc2 44. Rxc2 Bxf5 45. Rc4 Qg5 46. a5 Qg6 47. Qb8+ Kh7
48. Qg3 Bg4 49. h3 Qb1+ 50. Kh2 Be6 51. Rc3 Bf5 52. a6 Ne4 53. Qe5 Nxc3 54. a7
f6 55. Qxc3 Be4 56. Qb3 Qe1 57. Qe3 1-0

[Event "Olimpiade 2022 - Open"]
[Site "Chennai"]
[Date "03.08.2022"]
[Round "6.28"]
[Board "2"]
[White "Choukri, Adel"]
[Black "Amartuvshin, Ganzorig"]
[Result "0-1"]
[WhiteTitle "FM"]
[BlackTitle "FM"]
[WhiteElo "2306"]
[BlackElo "2409"]
[WhiteTeam "Morocco"]
[BlackTeam "Mongolia"]
[WhiteFideId "9000399"]
[BlackFideId "4902548"]
[EventDate "2022.07.29"]

1. d4 Nf6 2. c4 e6 3. Nf3 Bb4+ 4. Bd2 Qe7 5. a3 Bxd2+ 6. Qxd2 O-O 7. Nc3 d6 8.
e4 e5 9. d5 a5 10. b3 Na6 11. Bd3 Bg4 12. Ng1 c6 13. f3 Bd7 14. Bc2 cxd5 15.
Nxd5 Nxd5 16. exd5 a4 17. Qd3 f5 18. b4 e4 19. fxe4 fxe4 20. Qd4 Qg5 21. Ne2
Rae8 22. h4 Qg4 23. h5 h6 24. Rh3 Re5 25. Qe3 Qxg2 26. Rg3 Qf1+ 27. Kd2 Qxa1 28.
Rg6 Rf3 0-1

[Event "Olimpiade 2022 - Open"]
[Site "Chennai"]
[Date "03.08.2022"]
[Round "6.28"]
[Board "3"]
[White "Gundavaa, Bayarsaikhan"]
[Black "Hadj Kholti, Yasser"]
[Result "1-0"]
[WhiteTitle "GM"]
[WhiteElo "2503"]
[BlackElo "1871"]
[WhiteTeam "Mongolia"]
[BlackTeam "Morocco"]
[WhiteFideId "4901045"]
[BlackFideId "9003258"]
[EventDate "2022.07.29"]

1. e4 c5 2. Nf3 Nc6 3. Bb5 e6 4. O-O Nge7 5. Re1 a6 6. Bf1 d5 7. exd5 Nxd5 8. d4
Nf6 9. Be3 Be7 10. c4 cxd4 11. Nxd4 Nxd4 12. Qxd4 Qxd4 13. Bxd4 Bd7 14. Nc3 Bc6
15. a3 O-O 16. b4 Rfd8 17. Rad1 Kf8 18. Bb6 Rxd1 19. Rxd1 Ke8 20. f3 Nd7 21. Be3
Bf6 22. Rc1 b6 23. Ne2 Rc8 24. Nd4 Bb7 25. Nb3 Bb2 26. Rb1 Bxa3 27. Na1 a5 28.
bxa5 Bc5 29. Bxc5 Rxc5 30. axb6 Rc6 31. c5 Rxc5 32. Nb3 Rd5 33. Bc4 Rd6 34. Na5
Rxb6 35. Rxb6 Nxb6 36. Bb5+ Ke7 37. Nxb7 Nd5 38. Nc5 Nc7 39. Bd3 h6 40. Kf2 Nd5
41. Be4 Nf6 42. Ke3 Ne8 43. Nd3 Nd6 44. Ne5 Ne8 45. Kd4 Nf6 46. Kc5 Ne8 47. Bc6
Nd6 48. Be4 Ne8 49. Kc6 Nf6 50. Nc4 Nd7 51. Kc7 Nc5 52. Ne5 Nb3 53. Nc6+ Kf6 54.
Kd6 h5 55. Ne5 Nc1 56. f4 g6 57. Bd3 Nb3 58. Nf3 Nc1 59. Bc4 Kf5 60. Ng5 Kxf4
61. Nxf7 Ke3 62. Ke5 Kf2 63. Kf4 h4 64. h3 Kxg2 65. Ng5 Kh2 66. Kg4 1-0

[Event "Olimpiade 2022 - Open"]
[Site "Chennai"]
[Date "03.08.2022"]
[Round "6.28"]
[Board "4"]
[White "Zrikem, Nassim"]
[Black "Gan-Erdene, Sugar"]
[Result "0-1"]
[WhiteTitle "FM"]
[BlackTitle "IM"]
[WhiteElo "2075"]
[BlackElo "2428"]
[WhiteTeam "Morocco"]
[BlackTeam "Mongolia"]
[WhiteFideId "9002693"]
[BlackFideId "4902980"]
[EventDate "2022.07.29"]

1. d4 Nf6 2. Nf3 g6 3. Bg5 Bg7 4. Nbd2 O-O 5. c3 d6 6. e4 c5 7. dxc5 dxc5 8. Bc4
Nc6 9. O-O Qc7 10. Re1 Nh5 11. Nf1 h6 12. Bh4 Rd8 13. Qc2 Bg4 14. Be2 Nf4 15.
Ne3 Nxe2+ 16. Qxe2 Be6 17. Nd5 Bxd5 18. exd5 Rxd5 19. Bxe7 g5 20. Qe4 Nxe7 21.
Qxe7 Qxe7 22. Rxe7 g4 23. c4 Rd6 24. Nh4 Bxb2 25. Rb1 Bf6 26. Re4 h5 27. Nf5 Rd2
28. Ng3 Bd4 29. Rf1 Rxa2 30. Nxh5 f5 31. Rf4 Rf8 32. Ng3 Ra1 33. Rxa1 Bxa1 34.
Nxf5 Kh7 35. h3 Be5 36. Re4 Rxf5 37. hxg4 Rg5 38. f4 Bd4+ 39. Rxd4 cxd4 40. fxg5
a5 0-1

[Event "Olimpiade 2022 - Open"]
[Site "Chennai"]
[Date "03.08.2022"]
[Round "6.29"]
[Board "1"]
[White "Arias Santana, Mauricio"]
[Black "Megaranto, Susanto"]
[Result "0-1"]
[WhiteTitle "IM"]
[BlackTitle "GM"]
[WhiteElo "2318"]
[BlackElo "2529"]
[WhiteTeam "Costa Rica"]
[BlackTeam "Indonesia"]
[WhiteFideId "6500366"]
[BlackFideId "7101384"]
[EventDate "2022.07.29"]

1. Nf3 d5 2. g3 c6 3. Bg2 Bf5 4. O-O e6 5. d3 Nf6 6. Nh4 Bg4 7. h3 Bh5 8. f4
Nfd7 9. Qe1 Be7 10. Nf3 Bxf3 11. Bxf3 O-O 12. e4 a5 13. Kh1 Na6 14. Qe2 a4 15.
a3 b5 16. Be3 Rb8 17. Nc3 Nc7 18. Qf2 f5 19. g4 fxe4 20. dxe4 d4 21. Bxd4 e5 22.
fxe5 Ne6 23. Be3 Nxe5 24. Rad1 Qc7 25. Qe2 Nc4 26. Bc1 Qg3 27. Qg2 Qh4 28. e5
Bg5 29. Be2 Nxe5 30. Rf5 Bxc1 31. Rxc1 Nf4 32. Qh2 Rxf5 33. gxf5 Rf8 34. Rg1
Rxf5 35. Rg3 Nxe2 36. Nxe2 Rf1+ 37. Ng1 Qf4 38. Qe2 Rf2 39. Qe3 Qxe3 40. Rxe3
Nc4 41. Rc3 Nxb2 42. Rxc6 Nc4 0-1

[Event "Olimpiade 2022 - Open"]
[Site "Chennai"]
[Date "03.08.2022"]
[Round "6.29"]
[Board "2"]
[White "Priasmoro, Novendra"]
[Black "Cabezas Solano, David Alejandro"]
[Result "1-0"]
[WhiteTitle "GM"]
[BlackTitle "CM"]
[WhiteElo "2494"]
[BlackElo "2196"]
[WhiteTeam "Indonesia"]
[BlackTeam "Costa Rica"]
[WhiteFideId "7105029"]
[BlackFideId "6507522"]
[EventDate "2022.07.29"]

1. e4 c5 2. Nf3 Nc6 3. Bb5 g6 4. c3 Nf6 5. Qe2 Bg7 6. d4 cxd4 7. cxd4 d6 8. Nc3
a6 9. Bxc6+ bxc6 10. O-O O-O 11. h3 a5 12. Re1 Ba6 13. Qc2 Nd7 14. Be3 Rc8 15.
Rad1 Qc7 16. Qd2 Rfe8 17. Bh6 c5 18. Nd5 Qd8 19. Qf4 e6 20. Bxg7 Kxg7 21. Ne3
cxd4 22. Nxd4 Ne5 23. Ng4 Nxg4 24. Qxg4 Qf6 25. Qg3 Red8 26. Rd2 d5 27. e5 Qe7
28. h4 h5 29. Qf4 Rc4 30. Re3 Rdc8 31. Kh2 Rc1 32. Rb3 Re1 33. Rb6 Bc4 34. Nc6
Qc7 35. Qf6+ Kh7 36. Ne7 Rf8 37. Rd6 Rxe5 38. Qxe5 Qxe7 39. b3 Qxh4+ 40. Kg1 Bb5
41. Rd4 Qe7 42. R4xd5 Rc8 43. Rc5 Rxc5 44. Qxc5 Be2 45. Qd4 e5 46. Rd7 Qf6 47.
Qd6 Qf5 48. Re7 e4 49. Qe5 1-0

[Event "Olimpiade 2022 - Open"]
[Site "Chennai"]
[Date "03.08.2022"]
[Round "6.29"]
[Board "3"]
[White "Chaves Sanchez, Gabriel A"]
[Black "Taher, Yoseph Theolifus"]
[Result "0-1"]
[BlackTitle "IM"]
[WhiteElo "2125"]
[BlackElo "2463"]
[WhiteTeam "Costa Rica"]
[BlackTeam "Indonesia"]
[WhiteFideId "6502180"]
[BlackFideId "7105347"]
[EventDate "2022.07.29"]

1. e4 c5 2. Nf3 a6 3. c3 d5 4. exd5 Qxd5 5. d4 Nf6 6. Be2 e6 7. O-O Nc6 8. h3
cxd4 9. cxd4 Be7 10. Nc3 Qd6 11. Qa4 O-O 12. Rd1 h6 13. a3 Rd8 14. b4 Bd7 15.
Qb3 Be8 16. Be3 Bf8 17. Rac1 Ne7 18. Ne5 Ned5 19. Nxd5 Nxd5 20. Bd2 Rac8 21. Bf3
Rxc1 22. Rxc1 Qb6 23. Qb2 Bb5 24. Nc4 Bxc4 25. Rxc4 Qd6 26. Qc1 Qd7 27. Rc2 Be7
28. Bc3 Bg5 29. Qd1 Nxc3 30. Rxc3 Bf6 31. Qc1 Qxd4 32. Rc8 b6 33. Rxd8+ Bxd8 34.
Qc6 g6 35. g3 Kg7 36. Kg2 Bf6 37. Qc2 a5 38. bxa5 bxa5 39. a4 Be7 40. Be4 h5 41.
h4 Bc5 42. Bc6 Qd6 43. Bb7 Qb6 44. Bf3 Bd4 45. Be4 Qb4 46. Bc6 Bb6 47. Bb5 Qd4
48. Bc6 e5 49. Qa2 e4 50. Be8 Qf6 51. Qe2 Qe5 52. Bb5 f5 53. Qd2 Bd4 54. Bc6 Qc5
55. Bb7 Qb6 56. Bd5 Qc5 57. Ba2 Qe5 58. Qc2 e3 59. fxe3 Bxe3 60. Qc4 Bc5 61. Qd5
Qe2+ 62. Kh3 Qf1+ 63. Qg2 Qd1 64. Qb2+ Bd4 65. Qb7+ Kh6 66. Bg8 Bg7 67. Qg2 Qg4+
68. Kh2 Be5 69. Bd5 Qxh4+ 0-1

[Event "Olimpiade 2022 - Open"]
[Site "Chennai"]
[Date "03.08.2022"]
[Round "6.29"]
[Board "4"]
[White "Kurniawan, Muhamad Agus"]
[Black "Chinchilla Miranda, Eugenio"]
[Result "1-0"]
[WhiteTitle "FM"]
[BlackTitle "FM"]
[WhiteElo "2328"]
[BlackElo "2206"]
[WhiteTeam "Indonesia"]
[BlackTeam "Costa Rica"]
[WhiteFideId "7103735"]
[BlackFideId "6500072"]
[EventDate "2022.07.29"]

1. e4 e5 2. Nf3 Nc6 3. Bb5 a6 4. Ba4 Nf6 5. O-O Be7 6. Re1 b5 7. Bb3 d6 8. c3
O-O 9. h3 Nb8 10. d4 Nbd7 11. Nbd2 Bb7 12. Bc2 c5 13. a4 cxd4 14. cxd4 bxa4 15.
Rxa4 exd4 16. Rxd4 Qc7 17. Nc4 Rac8 18. Bf4 Nb6 19. Bb3 Nxc4 20. Bxc4 h6 21. b3
Rcd8 22. Nh4 Rfe8 23. Nf5 Qa5 24. Bxd6 Nxe4 25. Rexe4 Bxe4 26. Nxe7+ Rxe7 27.
Bxe7 1-0

[Event "Olimpiade 2022 - Open"]
[Site "Chennai"]
[Date "03.08.2022"]
[Round "6.30"]
[Board "1"]
[White "Bachmann, Axel"]
[Black "Al Qudaimi, Basheer"]
[Result "1-0"]
[WhiteTitle "GM"]
[BlackTitle "IM"]
[WhiteElo "2588"]
[BlackElo "2424"]
[WhiteTeam "Paraguay"]
[BlackTeam "Yemen"]
[WhiteFideId "3700488"]
[BlackFideId "9400346"]
[EventDate "2022.07.29"]

1. Nf3 d5 2. b3 Bg4 3. e3 Nd7 4. Bb2 Ngf6 5. d3 e5 6. Nbd2 Bd6 7. h3 Bh5 8. g4
Bg6 9. Nh4 Qe7 10. Bg2 c6 11. a3 Nc5 12. Qe2 Nfd7 13. Nxg6 fxg6 14. c4 e4 15.
dxe4 dxe4 16. O-O Bc7 17. b4 Qd6 18. Rfd1 Qh2+ 19. Kf1 Ne6 20. Nxe4 O-O-O 21. c5
Nf6 22. Nxf6 gxf6 23. Bxf6 Rxd1+ 24. Rxd1 Rf8 25. g5 Kb8 26. Qc4 Re8 27. b5 1-0

[Event "Olimpiade 2022 - Open"]
[Site "Chennai"]
[Date "03.08.2022"]
[Round "6.30"]
[Board "2"]
[White "Al-Zendani, Zendan"]
[Black "Delgado Ramirez, Neuris"]
[Result "0-1"]
[WhiteTitle "IM"]
[BlackTitle "GM"]
[WhiteElo "2284"]
[BlackElo "2614"]
[WhiteTeam "Yemen"]
[BlackTeam "Paraguay"]
[WhiteFideId "9400249"]
[BlackFideId "3503631"]
[EventDate "2022.07.29"]

1. e4 c5 2. Nf3 d6 3. d4 cxd4 4. Nxd4 Nf6 5. Nc3 a6 6. Bg5 Nbd7 7. f4 Qc7 8. Qf3
h6 9. Bxf6 Nxf6 10. Nd5 Nxd5 11. exd5 g6 12. O-O-O Bg7 13. Kb1 Bd7 14. Qe4 Rc8
15. Bd3 Qb6 16. Nb3 a5 17. Rhe1 O-O 18. Qe3 Qc7 19. f5 gxf5 20. Nd4 Qb6 21. Nb3
Qxe3 22. Rxe3 Be5 23. Nxa5 Rc5 24. Nc4 Rxd5 25. Nb6 Rxd3 26. Rdxd3 Bc6 27. Nd5
Re8 28. g3 Kg7 29. a3 e6 30. Nf4 Be4 31. Rd2 Kf6 32. Rb3 Rg8 33. Rb6 Bxf4 34.
gxf4 Rg1+ 35. Ka2 Rf1 36. Rbxd6 Rxf4 37. c4 Ke5 38. b4 Rf1 39. Rd7 f4 40. Rxf7
f3 41. b5 Bf5 42. Kb3 Ke4 43. c5 Ke3 44. Rb2 f2 45. c6 bxc6 46. b6 Rd1 47. b7
f1=Q 48. b8=Q Qd3+ 0-1

[Event "Olimpiade 2022 - Open"]
[Site "Chennai"]
[Date "03.08.2022"]
[Round "6.30"]
[Board "3"]
[White "Cubas, Jose Fernando"]
[Black "Al-Aqrabi, Saleh"]
[Result "1-0"]
[WhiteTitle "GM"]
[BlackTitle "CM"]
[WhiteElo "2451"]
[BlackElo "2172"]
[WhiteTeam "Paraguay"]
[BlackTeam "Yemen"]
[WhiteFideId "3700267"]
[BlackFideId "9400338"]
[EventDate "2022.07.29"]

1. e4 e6 2. d4 d5 3. Nd2 Nf6 4. e5 Nfd7 5. c3 c5 6. Bd3 Nc6 7. Ndf3 Be7 8. Ne2
Qb6 9. O-O O-O 10. Nf4 cxd4 11. cxd4 Nb4 12. Bb1 f6 13. a3 Na6 14. Qd3 f5 15. g4
g6 16. Kh1 Nac5 17. dxc5 Nxc5 18. Qd1 Nb3 19. Be3 d4 20. Bxd4 Nxd4 21. Qxd4 fxg4
22. Nxg6 hxg6 23. Qxg4 Rf7 24. Bxg6 Rg7 25. Rg1 Bf8 26. Qh5 Qc7 27. Rac1 Qd7 28.
Rc4 b5 29. Rh4 Rxg6 30. Rxg6+ Kf7 31. Rg7+ 1-0

[Event "Olimpiade 2022 - Open"]
[Site "Chennai"]
[Date "03.08.2022"]
[Round "6.30"]
[Board "4"]
[White "Al-Subaihi, Khalil"]
[Black "Zacarias, M Ruben D"]
[Result "0-1"]
[BlackTitle "FM"]
[WhiteElo "2141"]
[BlackElo "2175"]
[WhiteTeam "Yemen"]
[BlackTeam "Paraguay"]
[WhiteFideId "9400133"]
[BlackFideId "3700755"]
[EventDate "2022.07.29"]

1. e4 c5 2. Nf3 d6 3. d4 cxd4 4. Nxd4 Nf6 5. Nc3 a6 6. Bc4 e6 7. Bb3 b5 8. f3
Be7 9. Be3 O-O 10. Qd2 Bd7 11. g4 Nc6 12. h4 Nxd4 13. Bxd4 a5 14. a4 bxa4 15.
Nxa4 Rb8 16. Bc3 Ra8 17. Bd4 Bxa4 18. Bxa4 Qc7 19. h5 h6 20. g5 hxg5 21. h6 g6
22. h7+ Kh8 23. O-O-O e5 24. Be3 g4 25. Qg2 Rab8 26. Bg5 Rb4 27. b3 gxf3 28.
Qxf3 Nxe4 29. Bh6 Rc8 30. Rh2 Qc3 31. Qxc3 Nxc3 32. Bd7 Rd8 33. Rdh1 Rbb8 34.
Bc6 d5 35. Kb2 d4 36. Rf2 f6 37. Bd2 Rdc8 38. Bd7 Rc7 39. Be6 a4 40. Rfh2 Ne4
41. Bh6 Bb4 42. Bd5 Bc3+ 43. Kb1 Nc5 44. Ka2 axb3+ 45. cxb3 Ra7+ 46. Kb1 d3 0-1

[Event "Olimpiade 2022 - Open"]
[Site "Chennai"]
[Date "03.08.2022"]
[Round "6.31"]
[Board "1"]
[White "Meier, Georg"]
[Black "Tran, Thanh Tu"]
[Result "1/2-1/2"]
[WhiteTitle "GM"]
[BlackTitle "CM"]
[WhiteElo "2613"]
[BlackElo "2375"]
[WhiteTeam "Uruguay"]
[BlackTeam "Japan"]
[WhiteFideId "4675789"]
[BlackFideId "12401404"]
[EventDate "2022.07.29"]

1. Nf3 Nf6 2. g3 b5 3. Bg2 Bb7 4. O-O e6 5. d3 c5 6. e4 d6 7. a4 b4 8. Nbd2 Be7
9. Re1 O-O 10. Nc4 Nc6 11. a5 Rc8 12. a6 Ba8 13. b3 d5 14. exd5 Nxd5 15. Bb2 Bf6
16. Nfe5 Nxe5 17. Nxe5 Qc7 18. f4 Rfd8 19. Qe2 h6 20. Qh5 Rd6 21. Ra2 Rf8 22.
Rea1 Qc8 23. Ra5 Qc7 24. Rb5 Qc8 25. Rba5 Qc7 26. Rb5 Qc8 27. Rba5 Qc7 28. Rb5
Qc8 29. Rba5 Qc7 1/2-1/2

[Event "Olimpiade 2022 - Open"]
[Site "Chennai"]
[Date "03.08.2022"]
[Round "6.31"]
[Board "2"]
[White "Kojima, Shinya"]
[Black "Diaz Hollemaert, Nahuel"]
[Result "0-1"]
[WhiteTitle "IM"]
[BlackTitle "IM"]
[WhiteElo "2346"]
[BlackElo "2425"]
[WhiteTeam "Japan"]
[BlackTeam "Uruguay"]
[WhiteFideId "7000812"]
[BlackFideId "104019"]
[EventDate "2022.07.29"]

1. e4 g6 2. d4 d6 3. Nc3 a6 4. Be3 Nf6 5. f3 b5 6. Qd2 Nbd7 7. g4 Bb7 8. g5 Nh5
9. Nge2 e5 10. Ng3 Nf4 11. Nce2 Nxe2 12. Bxe2 h6 13. O-O-O hxg5 14. dxe5 Nxe5
15. Bxg5 Qxg5 16. Qxg5 Bh6 17. h4 Bxg5+ 18. hxg5 Ke7 19. Kd2 d5 20. Ke3 Rxh1 21.
Rxh1 c5 22. exd5 Bxd5 23. a3 Rc8 24. Rh4 c4 25. c3 Nd7 26. Rd4 Nb6 27. Ne4 Be6
28. Nf6 Na4 29. Rd2 Rd8 30. Bd1 Nxb2 31. Rxd8 Kxd8 32. Bc2 Ke7 33. Kd2 Bf5 34.
Bxf5 gxf5 35. Ke3 Nd3 36. f4 Ne1 37. Kd2 Nd3 38. Nh5 a5 39. Ke3 Ne1 40. Kd2 Ng2
41. Ng7 Nxf4 42. Nxf5+ Ke6 43. Nd4+ Kd5 44. Nxb5 Ne6 45. Ke3 Nxg5 46. Kf4 Ne6+
47. Kf5 Kc5 48. Na7 Nc7 0-1

[Event "Olimpiade 2022 - Open"]
[Site "Chennai"]
[Date "03.08.2022"]
[Round "6.31"]
[Board "3"]
[White "Vazquez, Facundo"]
[Black "Averbukh, Alex"]
[Result "1-0"]
[WhiteTitle "FM"]
[BlackTitle "CM"]
[WhiteElo "2336"]
[BlackElo "2155"]
[WhiteTeam "Uruguay"]
[BlackTeam "Japan"]
[WhiteFideId "3007669"]
[BlackFideId "2028255"]
[EventDate "2022.07.29"]

1. d4 Nf6 2. c4 e5 3. dxe5 Ng4 4. e3 Nxe5 5. f4 Nec6 6. Ne2 d6 7. Ng3 g6 8. Bd2
h5 9. Bc3 Rg8 10. Bd3 Nd7 11. Nd2 Nc5 12. Nde4 Nxd3+ 13. Qxd3 Be7 14. O-O-O f5
15. Nd2 h4 16. Ne2 Be6 17. Nd4 Qd7 18. Nxe6 Qxe6 19. Qd5 Kd7 20. Qxe6+ Kxe6 21.
Nf3 Rae8 22. g3 g5 23. gxh4 gxh4 24. Be1 Rg2 25. Bxh4 Na5 26. Bxe7 Rxe7 27. Rd2
Rxd2 28. Nxd2 Kf6 29. Re1 Nc6 30. Nf3 Nb4 31. Kd2 Nxa2 32. Ra1 Nb4 33. Rxa7 c5
34. Ra8 Rg7 35. Ng5 Rd7 36. h4 Nc6 37. Rh8 Rd8 38. Rh6+ Kg7 39. Rh7+ Kg8 40.
Rxb7 Na5 41. Rb5 Nxc4+ 42. Kd3 d5 43. b3 Nd6 44. Rxc5 Rb8 45. Kc2 Rb5 46. Rxb5
Nxb5 47. Kd3 Kg7 48. Ne6+ Kg6 49. Nd4 Nd6 50. b4 Kh5 51. b5 Kxh4 52. b6 Kg4 53.
Nb5 Nb7 54. Kd4 Kf3 55. Nc3 Na5 56. Nxd5 Nc6+ 57. Kd3 Na5 58. Ne7 Kg4 59. Kd4
Nb7 60. Kd5 Na5 61. Ke6 Nb7 62. Kd7 Kf3 63. Kc7 Nc5 64. Nxf5 Ke4 65. b7 Kxf5 66.
b8=Q Na6+ 67. Kb7 Nxb8 68. Kxb8 1-0

[Event "Olimpiade 2022 - Open"]
[Site "Chennai"]
[Date "03.08.2022"]
[Round "6.31"]
[Board "4"]
[White "Kobayashi, Atsuhiko"]
[Black "Roselli Mailhe, Bernardo"]
[Result "1/2-1/2"]
[BlackTitle "IM"]
[WhiteElo "2156"]
[BlackElo "2413"]
[WhiteTeam "Japan"]
[BlackTeam "Uruguay"]
[WhiteFideId "7000049"]
[BlackFideId "3000028"]
[EventDate "2022.07.29"]

1. Nf3 Nf6 2. g3 g6 3. b3 Bg7 4. Bb2 d6 5. d4 O-O 6. Bg2 a5 7. O-O a4 8. c4 Nc6
9. Nc3 a3 10. Bc1 Bg4 11. Ne1 Qd7 12. Nc2 Bh3 13. Bxa3 Bxg2 14. Kxg2 d5 15. Qd3
dxc4 16. Qxc4 Nxd4 17. Nxd4 Rxa3 18. Rad1 Ra6 19. e4 e5 20. Nf5 Qe6 21. Qxe6
Rxe6 22. Nxg7 Kxg7 23. f3 Ra8 24. Rf2 Rea6 25. Rc2 c6 26. Rdd2 Kf8 27. Na4 Ke7
28. Nc5 R6a7 29. g4 h6 30. h4 Rd8 31. g5 hxg5 32. hxg5 Nd7 33. Nxd7 Rxd7 34.
Rxd7+ Kxd7 35. Rd2+ Ke6 36. Kg3 Ra8 37. f4 exf4+ 38. Kxf4 Rh8 39. Kg4 Rh1 40.
Rd4 Rb1 41. Rd8 Rb2 42. Re8+ Kd7 43. Rf8 Ke7 44. Rb8 b5 45. Rb7+ Ke6 46. Rc7 Rc2
47. a4 bxa4 48. bxa4 Rc4 49. Kf4 Rxa4 50. Rxc6+ 1/2-1/2